000 02038nam a2200241Ia 4500
999 _c55445
_d55445
001 22527
003 GE_BSU
005 20210330142322.0
008 181216s2016||||ge |||||||||||||| ||geo||
040 _cGE_BSU
041 _ageo
080 _a 61 დ-15
100 _aდავარაშვილი, ხათუნა
_910850
245 _aკბილის პულპის დემიელინიზაციისა და ძირითადი ნივთიერებების რეაქტიულ ცვლილებათა როლი ტკივილის აღმოცენების მექანიზმში მწვავე და ქრონიკული პულპიტების დროს /
_cხათუნა დავარაშვილი; სამეცნ. ხელ-ლი ნ. კორსანტია. თბილისის სახელმწიფო სამედიცინო უნივერსიტეტი
264 _aთბილისი :
_bთბილისის სახ-ლო სამედიცინო უნ-ტი,
_c2016.
300 _a201 გვ.;
_b30 სმ.
653 _aკბილის პულპის დემიელინიზაციისა და ძირითადი ნივთიერებების რეაქტიულ ცვლილებათა როლი ტკივილის აღმოცენების მექანიზმში მწვავე და ქრონიკული პულპიტების დროს
653 _aმედიცინა. სტომატოლოგია
653 _aდისერტაცია
700 _aკორსანტია, ნ.
_eსამეცნიერო ხელმძღვანელი
_910851
710 _aთბილისის სახელმწიფო სამედიცინო უნივერსიტეტი
_99697
942 _cBK
_2udc